000 00843nam a2200253 i 4500
001 17387
003 ES-MaACL
005 20230906151552.0
007 t|
008 010228s2000 sp ||||1| spa d
020 _a84-451-1780-7
080 _a821.134.2-23"19"
100 1 _aPolo Barrena, Juan.
_992869
245 1 0 _aInvitado de honor /
_cJuan Polo Barrena.
250 _a1ª ed.
260 _aMadrid :
_bAsociación de Autores de Teatro :
_bConsejería de Cultura de la Comunidad de Madrid,
_c2000.
300 _a142 p. ;
_c22 cm.
490 1 _aDamos la palabra. Textos ;
_v10
710 2 _aAsociación de Autores de Teatro.
_91565
710 1 _aMadrid (Comunidad Autónoma).
_bConsejería de Cultura.
_95594
830 0 _aDamos la palabra. Textos ;
_v10
_9180281
852 _aES-MaACL
_jL-24339
_bR.129135
999 _c17387
_d17387